[Event "USA-ch playoff"]
[Site "?"]
[Date "1994.??.??"]
[Round "4"]
[White "Yermolinsky, Alex"]
[Black "Benjamin, Joel"]
[Result "1/2-1/2"]
[WhiteElo "2590"]
[BlackElo "2610"]

1.Nf3 Nf6 2.c4 e6 3.Nc3 Bb4 4.g3 O-O 5.Bg2 d6 6.O-O Nbd7 7.Qc2 Qe7 8.d4 c6
9.e4 e5 10.Re1 Re8 11.a3 Bxc3 12.Qxc3 c5 13.d5 Nh5 14.b4 b6 15.Bb2 a5 16.b5 Nf8
17.Nh4 g6 18.Qe3 Ra7 19.Qh6 f6 20.Nf5 Bxf5 21.exf5 Qg7 22.Qxg7+ Nxg7 23.fxg6 hxg6
24.f4 Nf5 25.Be4 Nd4 26.fxe5 fxe5 27.Kg2 Kg7  1/2-1/2

[Event "USA-ch playoff"]
[Site "?"]
[Date "1994.??.??"]
[Round "5"]
[White "Benjamin, Joel"]
[Black "Shabalov, Alexander"]
[Result "1-0"]
[WhiteElo "2610"]
[BlackElo "2600"]

1.e4 d5 2.exd5 Qxd5 3.Nc3 Qa5 4.Nf3 Nf6 5.g3 c6 6.Bg2 Bg4 7.O-O e6 8.h3 Bh5
9.d3 Nbd7 10.Ne2 Be7 11.Bd2 Qc7 12.b4 O-O 13.Rb1 Rad8 14.Nf4 Bg6 15.Re1 Rfe8
16.Qe2 Bf5 17.Nh4 g5 18.Nxf5 exf5 19.Ne6 fxe6 20.Qxe6+ Kg7 21.Qxf5 h6 22.Bc3 Nf8
23.Re3 Rd6 24.Rbe1 Kg8 25.h4 N6h7 26.Qe5 Nf6 27.hxg5 Bd8 28.Qf5 Rxe3 29.Rxe3 hxg5
30.Qxg5+ Qg7 31.Qf5 Rd7 32.Bh3 Rf7 33.Qc8 Bb6 34.Rf3 Nd7  1-0

[Event "Chicago op"]
[Site "Chicago"]
[Date "1995.??.??"]
[Round "2"]
[White "Benjamin, Joel"]
[Black "Blatny, Pavel"]
[Result "1-0"]
[WhiteElo "2570"]
[BlackElo "2485"]

1.d4 d5 2.c4 c6 3.Nf3 Nf6 4.Nc3 e6 5.Bg5 h6 6.Bxf6 Qxf6 7.e3 Nd7 8.Bd3 dxc4
9.Bxc4 g6 10.O-O Bg7 11.e4 e5 12.d5 Nb6 13.Bb3 O-O 14.h3 Bd7 15.Qe2 Kh7 16.Rfd1 Rae8
17.a4 Qe7 18.a5 Nc8 19.dxc6 bxc6 20.Rd2 f5 21.Rad1 Be6 22.Bxe6 Qxe6 23.Qe3 Rf7
24.Na4 Bf8 25.exf5 gxf5 26.Nc5 Bxc5 27.Qxc5 Rg7 28.Rd8 Qg6 29.Nh4 Qh5 30.Rxe8 Qxd1+
31.Kh2 Nd6 32.Rxe5 Ne4 33.Qf8 Qh5 34.Qxf5+ Qxf5 35.Nxf5 Rf7 36.Rxe4 Rxf5
37.Re7+ Kg6 38.Rxa7 Rxf2 39.Rb7 Rf5 40.a6  1-0

[Event "Chicago op"]
[Site "Chicago"]
[Date "1995.??.??"]
[Round "5"]
[White "Yermolinsky, Alex"]
[Black "Benjamin, Joel"]
[Result "1/2-1/2"]
[WhiteElo "2580"]
[BlackElo "2570"]

1.Nf3 d6 2.d4 Bg4 3.e4 Nf6 4.Nc3 e6 5.h3 Bh5 6.Qe2 c6 7.g4 Bg6 8.h4 h5 9.g5 Nfd7
10.Bh3 Be7 11.Be3 d5 12.Nd2 Na6 13.f4 dxe4 14.Ndxe4 Qa5 15.O-O Bf5 16.Bxf5 Qxf5
17.a3 Nc7 18.Rf2  1/2-1/2

[Event "Las Vegas op"]
[Site "Las Vegas"]
[Date "1995.??.??"]
[Round "4"]
[White "Benjamin, Joel"]
[Black "Meyer, E."]
[Result "1-0"]
[WhiteElo "2570"]
[BlackElo "2475"]

1.d4 Nf6 2.c4 g6 3.Nc3 Bg7 4.e4 d6 5.f3 O-O 6.Bg5 c5 7.d5 h6 8.Be3 e6 9.Qd2 exd5
10.cxd5 a6 11.a4 Re8 12.Nge2 Kh7 13.Ng3 Nbd7 14.Be2 Rb8 15.O-O Ne5 16.h3 h5
17.Nh1 Qa5 18.Nf2 Qb4 19.Qc2 b5 20.axb5 axb5 21.Ra7 Nc4 22.Bc1 Nb6 23.Na2  1-0

[Event "Las Vegas op 5'"]
[Site "Las Vegas"]
[Date "1995.??.??"]
[Round "5"]
[White "Benjamin, Joel"]
[Black "Gurevich, Dmitry"]
[Result "1-0"]
[WhiteElo "2570"]
[BlackElo "2530"]

1.d4 Nf6 2.c4 e6 3.Nc3 d5 4.cxd5 Nxd5 5.e4 Nxc3 6.bxc3 c5 7.Nf3 cxd4 8.cxd4 Bb4+
9.Bd2 Bxd2+ 10.Qxd2 O-O 11.Bc4 Nc6 12.O-O b6 13.Rad1 Bb7 14.Rfe1 h6 15.d5 Na5
16.Bd3 Rc8 17.Bb1 exd5 18.exd5 Nc4 19.Qd3 g6 20.Re6 Qd7 21.Rf6 Nb2 22.Qd2 Nxd1
23.Qxh6 Rc1 24.Qxc1 Qxd5 25.h4 Kg7 26.Rf4 Rd8 27.Bc2 Nc3 28.Qb2 Qc5 29.Bb3 f6
30.Rc4 Qe7 31.Qxc3 Bxf3 32.Qxf3 Rd2 33.g3 Qd7  1-0

[Event "Las Vegas op 5'"]
[Site "Las Vegas"]
[Date "1995.??.??"]
[Round "5"]
[White "Gurevich, Dmitry"]
[Black "Benjamin, Joel"]
[Result "1-0"]
[WhiteElo "2530"]
[BlackElo "2570"]

1.d4 Nf6 2.c4 e6 3.g3 Bb4+ 4.Nd2 c5 5.a3 Bxd2+ 6.Qxd2 cxd4 7.Nf3 Nc6 8.Nxd4 Na5
9.Qd3 d5 10.cxd5 Qxd5 11.f3 e5 12.Qb5+ Bd7 13.Qxd5 Nxd5 14.b4 exd4 15.bxa5 Rc8
16.Bb2 Ne3 17.Kf2 Rc4 18.Bxd4 Nxf1 19.Bxg7 Rg8 20.Bh6 Rg6 21.Bf4 Bh3 22.Rhxf1 Bxf1
23.Rxf1 Ra6 24.Bd2 Rc2 25.Bb4 Re6 26.Re1 Kd7 27.f4 f5 28.Kf3 Kc6 29.h3 h5
30.e3 Kb5 31.Rd1 Ka4 32.Rd5 Rh2 33.h4 Rb2 34.Rxf5 Rb3 35.Re5 Rxe5 36.fxe5 Kb5
37.Kf4 Kc6 38.Ke4 Kd7 39.Bc5 a6 40.Kf4 Ke6 41.Bb6 Rc3 42.Kg5 Rxa3 43.Kxh5 Rb3
44.Kg5 Rb5 45.g4 Rxe5+ 46.Kf4  1-0

[Event "USA-ch"]
[Site "Modesto"]
[Date "1995.??.??"]
[Round "1"]
[White "Waitzkin, Joshua"]
[Black "Benjamin, Joel"]
[Result "1/2-1/2"]
[WhiteElo "2440"]
[BlackElo "2575"]

1.e4 d6 2.d4 Nf6 3.Nc3 g6 4.g3 Bg7 5.Bg2 O-O 6.Nge2 Nc6 7.h3 e5 8.Be3 exd4
9.Nxd4 Bd7 10.O-O Re8 11.Re1 a6 12.f4 Na5 13.Bf2 c5 14.Nf3 Bc6 15.e5 Bxf3
16.Qxf3 dxe5 17.Bxc5 Qc8 18.Bb6 Nc4 19.fxe5 Nd7 20.Bd4 Ndxe5 21.Qf2 Nxb2
22.Nd5 Nbc4 23.Rab1 Qf5 24.Qxf5 gxf5 25.Bf2 Nd2 26.Rb3 Nxb3 27.axb3 Nc6 28.Rd1 Re2
29.c4 Rae8 30.Nc7 Rd8 31.Nd5 Kh8 32.Rb1 Bd4 33.Bxd4+ Nxd4 34.Rf1 Rg8 35.Kh2 Kg7
36.Rf4 Rd2 37.Ne3 Re8 38.Rxd4 Rxd4 39.Nxf5+ Kf6 40.Nxd4 b6 41.Kg1 Re3 42.b4 Rxg3
43.Nf3  1/2-1/2

[Event "USA-ch"]
[Site "Modesto"]
[Date "1995.??.??"]
[Round "2"]
[White "Benjamin, Joel"]
[Black "Khmelnitsky, Igor N"]
[Result "1/2-1/2"]
[WhiteElo "2575"]
[BlackElo "2490"]

1.c4 e5 2.Nc3 Bb4 3.Nd5 Bc5 4.Nf3 d6 5.b4 Bb6 6.d3 Ne7 7.g3 Nxd5 8.cxd5 c6
9.dxc6 Nxc6 10.Bd2 Bg4 11.Bg2 Qd7 12.O-O Rc8 13.Rc1 O-O 14.Bc3 f5 15.b5 Nd8
16.Qb3+ Qf7 17.Bb4 Qxb3 18.axb3 Nf7 19.h3 Bh5 20.e3 Rfd8 21.Nh4 g6 22.Bxb7 Rb8
23.Bf3 Bxf3 24.Nxf3 Rd7 25.Nd2 Bd8 26.Ba3 Rxb5 27.Rc8 Kg7 28.Rb1 Rbb7 29.Kf1 Rdc7
30.Rxc7 Bxc7 31.Ke2 Kf6 32.e4 Ke6 33.f3 d5 34.Rc1 Bd6 35.Bxd6 Nxd6 36.Rc6 Rb6
37.Rc7 Rb7 38.Rc6 Rb6  1/2-1/2

[Event "New York op"]
[Site "New York"]
[Date "1995.??.??"]
[Round "2"]
[White "Benjamin, Joel"]
[Black "Cunningham, Robin"]
[Result "1-0"]
[WhiteElo "2570"]
[BlackElo "2335"]

1.d4 d5 2.c4 e6 3.Nc3 c5 4.cxd5 exd5 5.Nf3 Nc6 6.g3 Nf6 7.Bg2 Be7 8.O-O O-O
9.Bg5 cxd4 10.Nxd4 Re8 11.Rc1 h6 12.Bf4 Bg4 13.h3 Be6 14.Ncb5 Rc8 15.Nxc6 Rxc6
16.Rxc6 bxc6 17.Nc7 Rf8 18.Nxe6 fxe6 19.Qc2 c5 20.e4 Qe8 21.exd5 exd5 22.Re1 Qf7
23.Qf5 Rd8 24.Bc7 Rd7 25.Be5 Bd8 26.Rc1 c4 27.Rd1 g6 28.Qf4 Kg7 29.h4 Bc7
30.Rxd5 Bxe5 31.Rxe5 c3 32.bxc3 Qxa2 33.Bc6 Rc7 34.Re6 Qxe6 35.Qxc7+ Kf8
36.Qb8+ Ke7 37.Qxa7+ Kd6 38.Qb6 Qe1+ 39.Kg2 Qxc3 40.Be4+ Ke7 41.Bxg6 Qc4
42.Qe3+  1-0

[Event "New York op"]
[Site "New York"]
[Date "1995.??.??"]
[Round "3"]
[White "Matamoros Franco, Carlos S"]
[Black "Benjamin, Joel"]
[Result "1/2-1/2"]
[WhiteElo "2430"]
[BlackElo "2570"]

1.d4 Nf6 2.c4 e6 3.Nf3 Bb4+ 4.Bd2 a5 5.Nc3 d6 6.Bg5 Nbd7 7.e3 Qe7 8.Be2 h6
9.Bh4 Bxc3+ 10.bxc3 Nf8 11.Nd2 Ng6 12.Bg3 e5 13.Qc2 O-O 14.O-O Bd7 15.Bd3 Nh7
16.c5 f5 17.Qb3+ Kh8 18.Qxb7 dxc5 19.dxe5 Nxe5 20.Bxe5 Qxe5 21.Nc4 Qxc3 22.Be2 Be6  1/2-1/2

[Event "New York op"]
[Site "New York"]
[Date "1995.??.??"]
[Round "4"]
[White "Benjamin, Joel"]
[Black "Ziatdinov, Raset"]
[Result "1-0"]
[WhiteElo "2570"]
[BlackElo "2440"]

1.d4 d5 2.c4 e6 3.Nf3 Nf6 4.Nc3 Be7 5.Bg5 O-O 6.e3 Nbd7 7.Rc1 a6 8.cxd5 exd5
9.Bd3 Re8 10.O-O Nf8 11.Qc2 c6 12.h3 Ne4 13.Bf4 Ng5 14.Nxg5 Bxg5 15.Bh2 Be7
16.Na4 Bd6 17.Bxd6 Qxd6 18.Nb6 Rb8 19.Qc5 Qh6 20.Nxc8 Rbxc8 21.Qb6 Re7 22.b4 Ne6
23.Bf5 Rce8 24.a4 Qg5 25.Bxe6 Rxe6 26.Qxb7 Rg6 27.g3 h5 28.Rxc6 h4 29.Rxg6 fxg6
30.g4 Rxe3 31.Qb8+ Kh7 32.fxe3 Qxe3+ 33.Kg2 Qe4+ 34.Rf3 Qc2+ 35.Rf2  1-0

[Event "New York op"]
[Site "New York"]
[Date "1995.??.??"]
[Round "8"]
[White "Benjamin, Joel"]
[Black "Blatny, Pavel"]
[Result "0-1"]
[WhiteElo "2570"]
[BlackElo "2485"]

1.d4 d5 2.c4 e6 3.Nc3 Bb4 4.e3 Nf6 5.a3 Bxc3+ 6.bxc3 O-O 7.cxd5 exd5 8.Bd3 b6
9.Ne2 Ba6 10.O-O Qc8 11.f3 Bxd3 12.Qxd3 Qa6 13.Qd2 Nc6 14.Ng3 Na5 15.Rb1 Rfe8
16.Nf5 Nc4 17.Qd3 Qc8 18.e4 Qe6 19.e5 Nd7 20.f4 f6 21.Nh6+ gxh6 22.f5 Qe7
23.e6 Kh8 24.Bxh6 Rg8 25.exd7 Qxd7 26.Rbe1 Rae8 27.Qf3 Rxe1 28.Rxe1 Re8 29.Rf1 Nxa3
30.g4 Nc4 31.Qg3 Nd6 32.Qh4 Ne4 33.Bf4 Rg8 34.Kh1 Qb5 35.Re1 Rxg4  0-1

[Event "World op"]
[Site "Philadelphia"]
[Date "1995.??.??"]
[Round "1"]
[White "Schwartz, Ylan"]
[Black "Benjamin, Joel"]
[Result "0-1"]
[WhiteElo "2240"]
[BlackElo "2575"]

1.e4 d5 2.exd5 Qxd5 3.Nc3 Qa5 4.d4 c6 5.Bc4 Nf6 6.Nf3 Bg4 7.Bd2 e6 8.Qe2 Qh5
9.O-O-O Nbd7 10.Rhg1 O-O-O 11.Bf4 Nb6 12.Bb3 Bb4 13.Ne4 Qf5 14.Bd2 Qxe4 15.Qxe4 Nxe4
16.Bxb4 Nd5 17.Bxd5 exd5 18.Be7 Rde8 19.Bh4 Nd6 20.Rd3 Nf5 21.Bg3 Bxf3 22.gxf3 Re2
23.c3 Rhe8 24.Rd2 R2e6 25.Kc2 Kd7 26.Kd1 h5 27.h4 Rg6 28.Rd3 Nxh4 29.Rh1 Nf5
30.Rxh5 Nxg3 31.fxg3 Rxg3 32.Rh2 Re6 33.Kd2 Rg1 34.Re3 Rb1 35.Kd3 Rxe3+ 36.Kxe3 a5
37.b3 Ra1 38.c4 Ke6 39.c5 Re1+ 40.Kd3 Rd1+ 41.Ke3 Re1+ 42.Kd2 Rb1 43.Ke3 Ra1
44.Rb2 g5 45.Rh2 Kf5 46.Rh7 Kg6 47.Rh2 f5 48.Rh8 f4+ 49.Kd3 Rxa2 50.Rg8+ Kf6
51.Rf8+ Ke6 52.Re8+ Kd7 53.Rg8 Rf2 54.Rg7+ Kc8 55.Rg8+ Kc7 56.Rg7+ Kb8 57.Rg8+ Ka7
58.Rxg5 Rxf3+ 59.Kc2 Re3 60.Rf5 f3 61.Rf7 Ka6 62.Kb2 Rd3  0-1

[Event "World op"]
[Site "Philadelphia"]
[Date "1995.??.??"]
[Round "3"]
[White "Blatny, Pavel"]
[Black "Benjamin, Joel"]
[Result "1/2-1/2"]
[WhiteElo "2535"]
[BlackElo "2575"]

1.e4 c5 2.c3 e6 3.d4 d5 4.exd5 exd5 5.Be3 Qb6 6.Qc2 Nc6 7.Nf3 Nf6 8.dxc5 Bxc5
9.Bxc5 Qxc5 10.Bd3 Bg4 11.Qe2+ Kf8 12.O-O Re8 13.Qd1 Qb6 14.b3 Bxf3 15.Qxf3 Ne5
16.Qd1 d4 17.Bf5 d3 18.Nd2 g6 19.Be4 Kg7 20.h3 Nxe4 21.Nxe4 Qc6 22.Re1 f5
23.Ng5 Qxc3 24.Rc1 Qa5 25.b4 Qd8 26.Qd2 h6 27.Rxe5 Rxe5 28.Qb2 hxg5 29.Qxe5+ Kh6
30.Rd1 Rh7 31.h4 gxh4 32.Qe3+ Qg5 33.Qxd3 Re7 34.Qc3 Kh7 35.Kh1 b6 36.a3 Rf7
37.Rd6 Re7  1/2-1/2

[Event "World op"]
[Site "Philadelphia"]
[Date "1995.??.??"]
[Round "4"]
[White "Benjamin, Joel"]
[Black "Gamboa, Nelson"]
[Result "1-0"]
[WhiteElo "2575"]
[BlackElo "2370"]

1.c4 e6 2.Nc3 Nf6 3.e4 d5 4.e5 d4 5.exf6 dxc3 6.bxc3 Qxf6 7.Nf3 c5 8.Bd3 Bd7
9.Be4 Bc6 10.Qe2 Bxe4 11.Qxe4 Nc6 12.Rb1 O-O-O 13.d4 Rd7 14.Bf4 Qg6 15.Qxc6+  1-0

[Event "World op"]
[Site "Philadelphia"]
[Date "1995.??.??"]
[Round "5"]
[White "Benjamin, Joel"]
[Black "Fishbein, Alexander"]
[Result "1-0"]
[WhiteElo "2570"]
[BlackElo "2550"]

1.d4 Nf6 2.c4 g6 3.Nc3 Bg7 4.e4 d6 5.f3 O-O 6.Bg5 c5 7.d5 e6 8.Qd2 h6 9.Bxh6 Nxe4
10.Nxe4 Qh4+ 11.g3 Qxh6 12.Qxh6 Bxh6 13.Nxd6 exd5 14.cxd5 Nd7 15.Bh3 Nb6
16.Bxc8 Nxc8 17.Ne4 Nb6 18.d6 f5 19.Nxc5 Rfe8+ 20.Ne2 Re5 21.Nd3 Re6 22.f4 Nc4
23.d7 Rd8 24.Rc1 Nb6 25.Nc5 Re7 26.Nxb7 Rdxd7 27.Nc5 Rd8 28.Nb3 Nd5 29.Rd1 Rde8
30.Nc1 Ne3 31.Rd6 Kh7 32.h3 Bf8 33.Rd3 Rc7 34.Kf2 Rc2 35.b3 Bc5 36.Kf3 Rb2
37.g4 Nc2 38.Rhd1 Bb6 39.Rc3 Ba5 40.Rd7+ Kg8 41.Rc6 g5 42.gxf5 gxf4 43.Rg6+ Kf8
44.Rh6  1-0

[Event "World op"]
[Site "Philadelphia"]
[Date "1995.??.??"]
[Round "6"]
[White "Wojtkiewicz, Aleksander"]
[Black "Benjamin, Joel"]
[Result "1/2-1/2"]
[WhiteElo "2570"]
[BlackElo "2575"]

1.Nf3 d6 2.d4 Bg4 3.c4 Nd7 4.d5 e5 5.dxe6 Bxe6 6.e4 Bg4 7.Be2 Ngf6 8.Nc3 g6
9.Nd4 Bxe2 10.Qxe2 Bg7 11.Be3 O-O 12.O-O c6 13.Qd2  1/2-1/2

[Event "World op"]
[Site "Philadelphia"]
[Date "1995.??.??"]
[Round "7"]
[White "Benjamin, Joel"]
[Black "Gurevich, Dmitry"]
[Result "0-1"]
[WhiteElo "2575"]
[BlackElo "2525"]

1.d4 Nf6 2.c4 c6 3.Bf4 Qb6 4.Qd2 Ne4 5.Qc2 d6 6.Nc3 Nxc3 7.bxc3 Qa5 8.Nf3 g6
9.e3 Bg7 10.Be2 O-O 11.O-O Nd7 12.Rfd1 Nb6 13.Nd2 Na4 14.Rdc1 e5 15.Bg3 Re8
16.Bd3 c5 17.Ne4 exd4 18.Nxd6 Re7 19.cxd4 cxd4 20.e4 Nc3 21.f4 Qc5 22.e5 f6
23.Bh4 Re6 24.Nxc8 Rxc8 25.Kh1 fxe5 26.f5 Ree8 27.f6 e4 28.Rf1 Bxf6 29.Bxf6 exd3
30.Qxd3 Re4 31.Qh3 Qc6 32.Rae1 Rf8 33.Rxe4 Nxe4  0-1

[Event "Hawaii op"]
[Site "Honolulu"]
[Date "1996.??.??"]
[Round "?"]
[White "Benjamin, Joel"]
[Black "Gufeld, Eduard"]
[Result "1-0"]
[WhiteElo "2570"]
[BlackElo "2445"]

1.e4 c5 2.Nf3 d6 3.c3 Nf6 4.Be2 e6 5.d3 Be7 6.Nbd2 O-O 7.O-O Nc6 8.d4 cxd4
9.cxd4 Bd7 10.Re1 Rc8 11.a3 d5 12.e5 Ne4 13.Bd3 Nxd2 14.Bxd2 Qb6 15.Bc3 Na5
16.Nd2 Nc4 17.Nxc4 dxc4 18.Bc2 f5 19.exf6 Rxf6 20.Qg4 Rcf8 21.Re2 Rf4 22.Qh3 g6
23.Rae1 R4f7 24.Be4 Bd6 25.Qh6 Qc7 26.Bxg6 hxg6 27.d5 e5 28.Rxe5 Rh7 29.Qxg6+ Rg7
30.Qh6 Qb6 31.R5e3 Rff7 32.Bxg7 Rxg7 33.Re4 Bc5 34.Qxb6 axb6 35.Rxc4 Bh3
36.g3 Rf7 37.Re2 Rf5 38.Rh4 Rxd5 39.Rxh3 Rd1+ 40.Kg2 Kg7 41.Rh4  1-0

[Event "Hawaii op"]
[Site "Honolulu"]
[Date "1996.??.??"]
[Round "?"]
[White "Blatny, Pavel"]
[Black "Benjamin, Joel"]
[Result "0-1"]
[WhiteElo "2515"]
[BlackElo "2570"]

1.Nf3 Nf6 2.d4 g6 3.Nc3 Bg7 4.e4 d6 5.Be2 O-O 6.O-O c6 7.a4 a5 8.Bf4 Na6
9.Qd2 Nb4 10.Rac1 Qb6 11.h3 Re8 12.Bh6 e5 13.dxe5 Bxh6 14.Qxh6 dxe5 15.Ng5 Qc5
16.Kh2 Qf8 17.Qxf8+ Rxf8 18.f4 Nd7 19.f5 h6 20.Nf3 Kg7 21.h4 Nf6 22.Nd2 gxf5
23.exf5 Rd8 24.Nc4 Rd4 25.Nxe5 Rxh4+ 26.Kg3 Rd4 27.Bf3 Bxf5 28.Ne2 Rd2 29.Nc4 Rdd8
30.Bxc6 Be6 31.Bb5 Rac8 32.Ne3 Rd2 33.Nf4 Nxc2 34.Nxe6+ fxe6 35.Nc4 Rd3+
36.Kh2 Ng4+ 37.Kg1 Nd4 38.Rfe1 Nxb5 39.axb5 a4 40.Re4 h5 41.Rf1 Rc5 42.b6 e5
43.Na3 Rd4 44.Rxd4 exd4 45.g3 d3 46.Rd1 Ne5 47.Kf2 Rc2+ 48.Ke3 Rxb2 49.Ke4 Ng4
50.Kd4 Nf2  0-1

[Event "Hawaii op"]
[Site "Honolulu"]
[Date "1996.??.??"]
[Round "?"]
[White "Kaiser, Thomas"]
[Black "Benjamin, Joel"]
[Result "1/2-1/2"]
[WhiteElo "2275"]
[BlackElo "2570"]

1.d4 d6 2.Nf3 Bg4 3.c4 Nd7 4.Qb3 Rb8 5.Bg5 c6 6.Nc3 Ngf6 7.e3 Qa5 8.Bf4 e5
9.Bg3 Ne4 10.Bd3 Nxc3 11.Qxc3 Qxc3+ 12.bxc3 f6 13.Nd2 Be7 14.a4 O-O 15.h3 Be6
16.e4 c5 17.Ke2 Rfe8 18.d5 Bf7 19.Bh2 Bd8 20.g3 Ba5 21.Rhc1 Rf8 22.Rab1 Be8  1/2-1/2

[Event "Hawaii op"]
[Site "Honolulu"]
[Date "1996.??.??"]
[Round "2"]
[White "Frenklakh, Jennie"]
[Black "Benjamin, Joel"]
[Result "0-1"]
[WhiteElo "2150"]
[BlackElo "2570"]

1.d4 d6 2.c4 g6 3.Nc3 Bg7 4.Nf3 Nf6 5.Bg5 c6 6.Qd2 h6 7.Bh4 a6 8.e3 b5 9.cxb5 axb5
10.Bd3 Bg4 11.h3 Bxf3 12.gxf3 Nbd7 13.Qc2 Qa5 14.O-O O-O 15.Kh2 Rac8 16.Rg1 c5
17.dxc5 Rxc5 18.Bxf6 Nxf6 19.Qb3 b4 20.Na4 Rd5 21.Bxg6 fxg6 22.e4 Kh7 23.exd5 Nxd5
24.a3 bxa3 25.Rxa3 Qd2 26.Rf1 Be5+ 27.f4 Qxf4+  0-1

[Event "New York CITS"]
[Site "New York"]
[Date "1996.??.??"]
[Round "1"]
[White "Salov, Valery"]
[Black "Benjamin, Joel"]
[Result "1/2-1/2"]
[WhiteElo "2670"]
[BlackElo "2570"]

1.d4 Nf6 2.Nf3 d6 3.g3 Bf5 4.Bg2 c6 5.O-O g6 6.Nh4 Be6 7.e4 Bg7 8.h3 O-O
9.Kh2 Bc4 10.Re1 e5 11.dxe5 dxe5 12.Qxd8  1/2-1/2

[Event "New York CITS"]
[Site "New York"]
[Date "1996.??.??"]
[Round "4"]
[White "Benjamin, Joel"]
[Black "Serper, Grigory"]
[Result "1/2-1/2"]
[WhiteElo "2570"]
[BlackElo "2540"]

1.e4 c5 2.c3 d5 3.exd5 Qxd5 4.d4 Nf6 5.Nf3 e6 6.Be2 Nc6 7.O-O Be7 8.c4 Qd8
9.dxc5 Qxd1 10.Rxd1 Bxc5 11.Nc3 O-O 12.a3 b6 13.b4 Be7 14.Bf4 Bb7 15.Nb5 Rad8
16.Bc7 Rxd1+ 17.Rxd1 Rc8 18.Bf4 Ba8 19.Ne5 Nxe5 20.Nxa7 Rc7 21.Nb5 Rxc4 22.Bxe5 Rc2
23.Bd3 Rc8 24.Na7 Rf8 25.Rc1 Nd5 26.Rc8 Bb7 27.Rxf8+ Kxf8 28.Be4 f6 29.Bb2 h6
30.Bf3 e5 31.Nb5 Ba6 32.Na7 Bb7 33.Nb5 Ba6 34.Na7 Bb7 35.Nb5 Ba6 36.Na7 Bb7
37.Nb5 Ba6 38.Na7  1/2-1/2

[Event "New York CITS"]
[Site "New York"]
[Date "1996.??.??"]
[Round "8"]
[White "Adams, Michael"]
[Black "Benjamin, Joel"]
[Result "1-0"]
[WhiteElo "2660"]
[BlackElo "2570"]

1.e4 c5 2.Nf3 e6 3.c3 Nf6 4.e5 Nd5 5.d4 cxd4 6.cxd4 b6 7.Bc4 Ba6 8.Bxa6 Nxa6
9.O-O Be7 10.Nbd2 O-O 11.Ne4 Nac7 12.Bg5 f6 13.exf6 Nxf6 14.Bxf6 gxf6 15.Rc1 d5
16.Ng3 Qd7 17.Nh4 Bd6 18.f4 f5 19.Nh5 Qf7 20.Rf3 Kh8 21.Rh3 Rg8 22.Nf3 Qe7
23.Qe2 Ne8 24.Rc6 Qd7 25.Ne5 Qe7 26.Rxd6 Nxd6 27.Nc6  1-0

[Event "New York CITS"]
[Site "New York"]
[Date "1996.??.??"]
[Round "9"]
[White "Benjamin, Joel"]
[Black "Sokolov, Ivan"]
[Result "1/2-1/2"]
[WhiteElo "2570"]
[BlackElo "2665"]

1.c4 e5 2.Nc3 Nf6 3.Nf3 Nc6 4.e3 Bb4 5.Qc2 O-O 6.Nd5 Re8 7.Bd3 h6 8.a3 Bf8
9.Nxf6+ Qxf6 10.Be4 d6 11.b4 Ne7 12.Bb2 Qe6 13.d4 f5 14.Bd5 Nxd5 15.cxd5 Qxd5
16.dxe5 dxe5 17.Qxc7 f4 18.O-O Bg4 19.e4 Qxe4 20.Nxe5 Re7 21.Qc3 Rc8 22.f3 Qd5
23.Rad1 Qa2 24.Qd4 Rc2 25.Rf2 Rxf2 26.Kxf2 Bf5 27.Rd2 Qe6 28.Qxf4 g5 29.Qc4 Qxc4
30.Nxc4 Rc7 31.Ne3 Be6 32.Be5 Rc1 33.Rd8 Kf7 34.Bb2 Rc6 35.Bd4 a6 36.Rb8 Bc8
37.Be5 Ke6 38.f4 gxf4 39.Bxf4 Kd7 40.g4 Bd6 41.Bxd6 Rxd6 42.Nf5 Re6 43.Kg3 Kc7
44.Ra8 b6 45.Ra7+ Bb7 46.Kh4 Kb8 47.Rxb7+ Kxb7 48.Kh5 a5 49.bxa5 bxa5 50.a4 Re2
51.h4 Ra2 52.Kxh6 Rxa4 53.g5 Rg4 54.g6 a4 55.g7 a3 56.Ne3 Rg1 57.Nc2 a2 58.h5 Kb6
59.Kh7 Kc5 60.g8=Q Rxg8 61.Kxg8 Kc4 62.h6 Kc3 63.h7 Kxc2 64.h8=Q Kb1  1/2-1/2

[Event "New York CITS"]
[Site "New York"]
[Date "1996.??.??"]
[Round "11"]
[White "Benjamin, Joel"]
[Black "Wolff, Patrick G"]
[Result "1-0"]
[WhiteElo "2570"]
[BlackElo "2565"]

1.e4 c5 2.c3 Nf6 3.e5 Nd5 4.d4 cxd4 5.Nf3 Nc6 6.Bc4 Nb6 7.Bb3 d6 8.exd6 Qxd6
9.O-O Be6 10.Na3 Bxb3 11.Qxb3 Qd5 12.Nb5 Rc8 13.Nfxd4 Nxd4 14.Nxd4 e6 15.Rd1 Bc5
16.Qb5+ Ke7 17.Qe2 Rhd8 18.Be3 Qe5 19.Qg4 Kf8 20.Bf4 h5 21.Qh4 Qd5 22.Nxe6+ fxe6
23.Rxd5 Rxd5 24.Be3 Nd7 25.Bxc5+ Nxc5 26.c4 Rf5 27.Rd1  1-0

[Event "Rilton Cup 96/97"]
[Site "Stockholm"]
[Date "1996.??.??"]
[Round "2"]
[White "Benjamin, Joel"]
[Black "Raud, Rainer"]
[Result "1/2-1/2"]
[WhiteElo "2565"]
[BlackElo "2365"]

1.e4 c6 2.d4 d5 3.exd5 cxd5 4.c4 Nf6 5.Nc3 g6 6.Qb3 Bg7 7.cxd5 O-O 8.Be2 b6
9.Bf3 Bb7 10.Bf4 Qd7 11.Nge2 Rd8 12.Rc1 Na6 13.Qa3 Bf8 14.Be5 Ne8 15.Qb3 Nac7
16.Bxc7 Nxc7 17.d6 Ne6 18.Bxb7 Qxb7 19.dxe7 Qxe7 20.O-O Nxd4 21.Nxd4 Rxd4
22.Rfe1 Qg5 23.Rc2  1/2-1/2

[Event "Rilton Cup 96/97"]
[Site "Stockholm"]
[Date "1996.??.??"]
[Round "4"]
[White "Benjamin, Joel"]
[Black "Johansen, Terje"]
[Result "1-0"]
[WhiteElo "2565"]
[BlackElo "2375"]

1.e4 Nf6 2.e5 Nd5 3.d4 d6 4.c4 Nb6 5.exd6 cxd6 6.Nc3 g6 7.Be3 Bg7 8.Rc1 O-O
9.b3 e5 10.dxe5 dxe5 11.Qxd8 Rxd8 12.c5 Nd5 13.Rd1 Be6 14.Bc4 e4 15.Nge2 Nc6
16.Nxd5 Bxd5 17.Bxd5 Nb4 18.Bxe4 f5 19.Rxd8+ Rxd8 20.Bb1  1-0

[Event "Rilton Cup 96/97"]
[Site "Stockholm"]
[Date "1996.??.??"]
[Round "6"]
[White "Benjamin, Joel"]
[Black "Hellsten, Johan"]
[Result "1-0"]
[WhiteElo "2565"]
[BlackElo "2490"]

1.e4 c5 2.Nf3 e6 3.c3 d5 4.exd5 exd5 5.d4 Nc6 6.Bb5 Bd6 7.dxc5 Bxc5 8.O-O Ne7
9.Nbd2 O-O 10.Nb3 Bd6 11.Bd3 Kh8 12.h3 Ng6 13.Bc2 Bc7 14.Be3 Nce7 15.Nbd4 a6
16.Qd3 Qd6 17.Rad1 Bd7 18.Rfe1 Rac8 19.Bg5 Rfe8 20.Bxe7 Rxe7 21.Rxe7 Qxe7
22.Nf5 Qf8 23.Ne3 Bc6 24.Nxd5 Rd8 25.Qf5 Bb8 26.Ng5 Kg8 27.Ne7+ Qxe7 28.Rxd8+ Qxd8
29.Qxf7+ Kh8 30.Qxg6 hxg6 31.Nf7+ Kg8 32.Nxd8 Bd5 33.Bb3 Bxb3 34.axb3 b6
35.g3 Kf8 36.Kf1 Bd6 37.Ne6+ Ke7 38.Nd4 Kf6 39.Ke2 Ke5 40.Kd3 Kd5 41.b4  1-0

[Event "Yerevan ol (Men)"]
[Site "Yerevan"]
[Date "1996.??.??"]
[Round "2"]
[White "Benjamin, Joel"]
[Black "Ilincic, Zlatko"]
[Result "0-1"]
[WhiteElo "2565"]
[BlackElo "2520"]

1.e4 c5 2.c3 Nf6 3.e5 Nd5 4.d4 cxd4 5.Nf3 Nc6 6.Bc4 Nb6 7.Bb3 d5 8.exd6 Qxd6
9.O-O Be6 10.Na3 dxc3 11.Qe2 Bxb3 12.Nb5 Qb8 13.axb3 e5 14.bxc3 Be7 15.Bg5 f6
16.Be3 Nc8 17.Nh4 O-O 18.Qg4 a6 19.Nf5 g6 20.Nxe7+ N6xe7 21.Qc4+ Kg7 22.Nc7 Nd6
23.Qc5 Rc8 24.Nxa8 Rxc5 25.Bxc5 Ne4 26.Bxe7 Qxa8 27.Bb4 Kf7 28.Rfe1 f5 29.Re2 Qd8
30.f3 Qb6+ 31.Kf1 Nc5 32.Rd1 Ke6 33.Bxc5 Qxc5 34.c4 Qa3 35.Rd3 h5 36.g3 g5
37.Rd5 Qa1+ 38.Kf2 f4 39.gxf4 gxf4 40.Kg2 Qc3 41.h4 b5 42.Red2 bxc4 43.Rd8 Qb4
44.bxc4 Qe7 45.Kh3 a5 46.Rg8 a4 47.Rg6+ Kf7 48.Rh6 Qf8 49.Rc6 Qa3 50.Rc7+ Ke6
51.Kg2 Qe3 52.Rcd7 Qc5 53.Rh7 e4 54.Rh6+ Ke7 55.Rd5 exf3+ 56.Kh3 Qc8+ 57.Kh2 Qg4
58.Rh7+ Ke6 59.Rh6+ Kf7 60.Rh7+ Kg6  0-1

[Event "Yerevan ol (Men)"]
[Site "Yerevan"]
[Date "1996.??.??"]
[Round "4"]
[White "Benjamin, Joel"]
[Black "Elsness, Frode"]
[Result "1-0"]
[WhiteElo "2565"]
[BlackElo "2350"]

1.e4 Nf6 2.e5 Nd5 3.d4 d6 4.c4 Nb6 5.exd6 exd6 6.Nc3 Be7 7.h3 O-O 8.Bd3 Re8
9.Nge2 Na6 10.O-O c6 11.Ng3 g6 12.Re1 Nc7 13.Bh6 Be6 14.b3 f5 15.Qd2 Bf6
16.Bc2 Bf7 17.Rxe8+ Nxe8 18.Re1 Ng7 19.Nce2 Ne6 20.Nf1 Bh8 21.Nh2 Qf6 22.Nf3 Re8
23.h4 Bg7 24.Bxg7 Kxg7 25.Rd1 c5 26.a4 cxd4 27.Nexd4 Nxd4 28.Nxd4 Nc8 29.h5 a6
30.Qf4 Kh8 31.hxg6 hxg6 32.Qh6+ Kg8 33.Bxf5 Ne7 34.Bd7 Rf8 35.Nf3 Qg7 36.Qxg7+ Kxg7
37.Rxd6 Rd8 38.Ne5 Be8 39.Re6 Kf8 40.Bxe8 Rxe8 41.Nxg6+  1-0

[Event "Yerevan ol (Men)"]
[Site "Yerevan"]
[Date "1996.??.??"]
[Round "5"]
[White "Benjamin, Joel"]
[Black "Miladinovic, Igor"]
[Result "1-0"]
[WhiteElo "2565"]
[BlackElo "2535"]

1.e4 c5 2.Nf3 Nc6 3.c3 d5 4.exd5 Qxd5 5.d4 e5 6.Nbd2 exd4 7.Bc4 Qf5 8.O-O Be6
9.Bxe6 fxe6 10.cxd4 O-O-O 11.dxc5 Bxc5 12.Qe1 Nf6 13.Nb3 Bb6 14.Be3 Bxe3
15.fxe3 Qd5 16.Rc1 Kb8 17.Qg3+ Ka8 18.Nc5 Rhg8 19.Ng5 Qd6 20.Qf3 Qd5 21.Ngxe6 Qxf3
22.gxf3 Rc8 23.Kf2 b6 24.Nd3 Kb7 25.Rc4 Nd5 26.Rfc1 g6 27.e4 Nf6 28.h4 Rge8
29.Nef4 h6 30.a3 Nd7 31.b4 Nde5 32.R4c2 a6 33.Ke3 b5 34.Nc5+ Ka7 35.Rd1 g5
36.hxg5 hxg5 37.Nfe6 Re7 38.Nxg5 Rg8 39.f4 Nf7 40.Rd7+ Rxd7 41.Nxd7  1-0